Statistics for The Country Between Quiz

Click here to take the quiz!

General Stats

  • This quiz has been taken 28 times
  • The average score is 9 of 9

Answer Stats

Country 1AnswerCountry 2% Correct
SloveniaCroatiaBosnia and Herzegovina
100%
EcuadorPeruBolivia
100%
GermanyPolandBelarus
100%
NorwayRussiaNorth Korea
100%
CanadaUSAMexico
100%
NicaraguaCosta RicaPanama
96%
MalaysiaThailandLaos
96%
MaliNigerChad
89%
South SudanDRCAngola
86%

Score Distribution

Percentile by Number Answered

Percent of People with Each Score

Your Score History

You have not taken this quiz